000 00585nam a2200229Ia 4500
003 OSt
005 20220928103057.0
006 a|||||r|||| 00| 0
007 ta
008 220927b |||||||| |||| 00| 0 eng d
024 _a96065
037 _cTextual
040 _aSDCL
_cSDCL
_beng
041 _2eng
_aeng
082 _aO152,3N50,3, L2
100 _aSobti Krishna
245 0 _aDilo-danish .
260 _aNew Delhi
_bRajkamal Prakashan
_c1972
300 _a197p
_ccm.
942 _hO152,3N50,3, L2
_cTEXL
_2CC
999 _c717959
_d717959